00277nam a2200109Ia 4500008004100000082001700041100001900058245002000077260004500097300001000142600001500152250527s9999 xx 000 0 und d a891.4391 SID aSiddiqui, Afaq 0aKon Akhar Hamid akarachi:bRehmat Ali Book Binding,c2004 a348p. aLiterature